Online
Catalog

Roma e lo studium urbis : (Record no. 18723)

MARC details
000 -CABECERA
campo de control de longitud fija 00961nam a2200241 a 4500
001 - NÚMERO DE CONTROL
campo de control 000019205
005 - FECHA Y HORA DE LA ÚLTIMA TRANSACCIÓN
campo de control 20200929165941.0
008 - DATOS DE LONGITUD FIJA--INFORMACIÓN GENERAL
campo de control de longitud fija 931014s1992 it a b f101 0 ita
010 ## - NÚMERO DE CONTROL DE LA BIBLIOTECA DEL CONGRESO
Número de control de LC 93218332
020 ## - NÚMERO INTERNACIONAL ESTÁNDAR DEL LIBRO
Número Internacional Estándar del Libro 8871250508
040 ## - FUENTE DE LA CATALOGACIÓN
Centro catalogador/agencia de origen DO-SdBNP
Lengua de catalogación spa
Centro/agencia transcriptor BNPHU
082 ## - NÚMERO DE LA CLASIFICACIÓN DECIMAL DEWEY
Número de clasificación xxx
Número de documento/Ítem R756
245 00 - MENCIÓN DE TÍTULO
Título Roma e lo studium urbis :
Resto del título spazio urbano e cultura dal Quattro al Seicento : atti del convegno, Roma, 7-10 giugno 1989.
260 ## - PUBLICACIÓN, DISTRIBUCIÓN, ETC.
Lugar de publicación, distribución, etc. Roma :
Nombre del editor, distribuidor, etc. Ministero Per i Beni Culturali e Ambientali, Uffico Centrale per i Beni Archivistici,
Fecha de publicación, distribución, etc. 1992.
300 ## - DESCRIPCIÓN FÍSICA
Extensión 554 p. :
Otras características físicas ill. ;
Dimensiones 24 cm.
490 1# - MENCIÓN DE SERIE
Mención de serie Pubblicazioni Degli Archivi di Stato Saggi ;
Designación de volumen o secuencia 22
546 ## - NOTA DE LENGUA/LENGUAJE
Nota de lengua/lenguaje Italian and Latin.
504 ## - NOTA DE BIBLIOGRAFÍA, ETC.
Nota de bibliografía, etc. Includes bibliographical references and indexes.
700 1# - PUNTO DE ACCESO ADICIONAL--NOMBRE DE PERSONA
Nombre de persona Cherubini, Paolo.
9 (RLIN) 41322
710 1# - PUNTO DE ACCESO ADICIONAL--NOMBRE DE ENTIDAD CORPORATIVA
Nombre de entidad corporativa o nombre de jurisdicción como elemento de entrada Italy.
Unidad subordinada Ufficio centrale per i beni archivistici.
9 (RLIN) 41323
830 #0 - PUNTO DE ACCESO ADICIONAL DE SERIE-TÍTULO UNIFORME
Título uniforme Pubblicazioni Degli Archivi di Stato Saggi
Designación de volumen o secuencia 22.
9 (RLIN) 3896
910 ## - DATOS DE OPCIÓN DEL USUARIO (OCLC)
Datos de opción del usuario Catalogación derivada / LC
Holdings
Estado de retiro Estado de pérdida Restricciones de uso No para préstamo Código de colección Localización permanente Ubicación/localización actual Ubicación en estantería Fecha de adquisición Número de inventario Total de préstamos Signatura topográfica completa Código de barras Fecha visto por última vez Precio válido a partir de Tipo de ítem Koha
      Excluido de préstamo Monografías: Libros y Folletos General General En catalogación 28.05.2010 LF1   xxx R756 19205-10 25.06.2020 25.06.2020 No se presta

Powered by Koha